000 00414nmm a2200145Ia 4500
008 251105s9999||||xx |||||||||||||||||und||
041 _aspa
100 _aConrad, Joseph
245 0 _aEl corazón de las tinieblas
264 _a[Madrid, España] :
_bCastalia Ediciones,
_c2012
300 _a192 páginas
650 _aOther narratives
856 _uhttps://public.digitaliapublishing.com/a/31021
942 _cCF
999 _c104595
_d104595